Защита строительных конструкций от коррозии: справочное пособие

Bibliografische gegevens
Hoofdauteur: Хоменко В. П. Виллен Петрович
Andere auteurs: Власюк Н. В. Николай Васильевич
Samenvatting:Исключено из фонда НТБ ТПУ
Taal:Russisch
Gepubliceerd in: Киев, Будiвельник, 1971
Formaat: Boek
KOHA link:https://koha.lib.tpu.ru/cgi-bin/koha/opac-detail.pl?biblionumber=378858

MARC

LEADER 00000nam0a2200000 4500
001 378858
005 20231101054841.0
035 |a (RuTPU)RU\TPU\retro\36319 
035 |a RU\TPU\book\366333 
090 |a 378858 
100 |a 20230619d1971 km y0rusy50 ca 
101 0 |a rus 
102 |a UA 
105 |a a g 001zy 
200 1 |a Защита строительных конструкций от коррозии  |e справочное пособие  |f В. П. Хоменко, Н. В. Власюк 
210 |a Киев  |c Будiвельник  |d 1971 
215 |a 143 с.  |c ил. 
320 |a Библиогр.: с. 132-142 
333 |a Исключено из фонда НТБ ТПУ 
675 |a 691:620.19(035)  |v 4 
700 1 |a Хоменко  |b В. П.  |g Виллен Петрович 
701 1 |a Власюк  |b Н. В.  |g Николай Васильевич 
801 1 |a RU  |b 63413507  |c 20180126 
801 2 |a RU  |b 63413507  |c 20230619  |g RCR 
942 |c BK